|
|
|
|
| LEADER |
00000nab a2200000 a 4500 |
| 001 |
vtls010432089 |
| 003 |
SK-MaSNL |
| 005 |
20260303203738.0 |
| 008 |
180907 2012 xo e 000 0 slo |
| 038 |
|
|
|a PPPK
|
| 040 |
|
|
|a PPPKCL
|b slo
|c PPPK
|e AACR2
|
| 041 |
0 |
|
|a slo
|
| 044 |
|
|
|a xo
|c SK
|
| 080 |
|
|
|a 630*1
|x (437.6-17)
|2 2001
|
| 080 |
|
|
|a 591.65/.69
|x (437.6-17)
|2 2001
|
| 080 |
|
|
|a 630*45
|x (437.6-17)
|2 2001
|
| 245 |
0 |
0 |
|a Lesníci: Horské smrečiny sa už takmer rozpadli
|b lykožrútová kalamita už zasiahla skoro rovnako veľké územie ako vietor v roku 2004
|c [text a foto] (pet)
|
| 300 |
|
|
|b Fotogr.
|
| 610 |
2 |
7 |
|a Štátne lesy Tatranského národného parku (Slovensko)
|2 pppkcl
|
| 650 |
0 |
7 |
|a lesy
|2 pppkcl
|9 1437
|
| 650 |
0 |
7 |
|a živočíšni škodcovia
|2 pppkcl
|9 28600
|
| 650 |
0 |
7 |
|a podkôrniky
|2 pppkcl
|9 105266
|
| 650 |
0 |
7 |
|a lykožrút smrekový
|2 pppkcl
|9 20877
|
| 651 |
|
7 |
|a Vysoké Tatry (Poľsko a Slovensko : pohorie)
|2 SNKPHgeo
|9 67729
|
| 773 |
0 |
|
|t Tatranský dvojtýždenník
|g Roč. XXIII, č. 2 (2012), s. 9
|
| 852 |
|
|
|a PPPK
|b KIS3GCP
|
| 999 |
|
|
|c 2186913
|d 2188843
|